|
|
|
|
| LEADER |
00000cam a2200000 a 4500 |
| 001 |
vtls001179915 |
| 003 |
SK-MaSNL |
| 005 |
20260301194615.0 |
| 008 |
240314s1995 pl a g f 00000 pol |
| 020 |
|
|
|a 8385817727
|
| 035 |
|
|
|a SNK000122917
|
| 040 |
|
|
|a SNK
|b slo
|c SNK
|e AACR2
|
| 041 |
1 |
|
|a pol
|h ger
|
| 044 |
|
|
|a pl
|c PL
|
| 080 |
|
|
|a 591.543.43:598.2(084.12)
|2 1981
|
| 080 |
|
|
|a 598.2(084.12)
|2 1981
|
| 100 |
1 |
|
|a Bejček, Vladimír,
|d 1953-
|4 aut
|9 7619
|
| 245 |
1 |
0 |
|a Ptaki wędrowne
|c Tekst: Vladimír Bejček, Ilustr. Pavel Dvorský ; Tłum. Barbara Bzowska-Zych
|
| 260 |
|
|
|a Warszawa
|b Delta W-Z
|c [1995]
|
| 300 |
|
|
|a 223 s.
|b ilustr.
|c 22 cm
|
| 490 |
1 |
|
|a Leksykon przyrody
|
| 650 |
0 |
7 |
|a sťahovavé vtáky
|2 SNKPH
|9 22867
|
| 655 |
|
7 |
|a príručky
|2 SNKPH
|9 74364
|
| 700 |
1 |
|
|a Dvorský, Pavel,
|d 1946-
|4 ill
|9 103086
|
| 700 |
1 |
|
|a Bzowska-Zych, Barbara
|4 trl
|9 575449
|
| 830 |
|
0 |
|a Leksykon przyrody
|9 575450
|
| 919 |
|
|
|a 83-85817-72-7
|
| 999 |
|
|
|c 882421
|d 884351
|
| 952 |
|
|
|a SNK
|b SNK
|y PREZ
|7 0
|p 17A1012560
|o snkSC 88474
|i snkKSP 05640/95
|0 0
|1 0
|4 0
|d 2015-02-02
|l 0
|r 2026-02-24 06:19:54
|w 2026-02-24
|